Every 100,000+ City in Paraguay in Order - Statistics

General Stats
  • This quiz has been taken 14 times
    5 since last reset
  • The average score is 11 of 20
Answer Stats
Letter Population City % Correct
A 3,879,251 Asunción
100%
C-D-E 582,035 Ciudad del Este
100%
L 139,652 Limpio
75%
L 318,024 Luque
75%
N 130,393 Ñemby
75%
S-L 296,110 San Lorenzo
75%
C 136,109 Caaguazú
50%
C 271,406 Capiatá
50%
C-O 119,663 Coronel Oviedo
50%
E 173,092 Encarnación
50%
F-D-L-M 208,551 Fernando de la Mora
50%
L 218,048 Lambaré
50%
P-J-C 143,103 Pedro Juan Caballero
50%
P-F 110,329 Presidente Franco
50%
C 102,417 Caacupé
25%
C 108,466 Concepción
25%
H 106,017 Hernandarias
25%
I 101,456 Itauguá
25%
M-R-A 103,290 Mariano Roque Alonso
25%
V-E 107,378 Villa Elisa
25%
No matching quizzes found
Score Distribution
Percent of People with Each Score
Percentile by Number Answered
Your Score History
You have not taken this quiz since the last reset